| 000 | 00697nam a2200217 a 4500 | ||
|---|---|---|---|
| 001 | 46263 | ||
| 003 | BD-RjUL | ||
| 005 | 20211209054128.0 | ||
| 008 | 161119s1968 nyu b 000 0 engm | ||
| 035 | _a(BD-RjUL)46381 | ||
| 040 |
_aDLC _cMHR _dBD-RjUL _beng |
||
| 041 | _aeng | ||
| 082 |
_223 _a355.0330973 _bPRO 1968 |
||
| 245 | 0 | 0 |
_aProblems of national strategy : _ba book of readings / _cedited by Henry A. Kissinger. |
| 260 |
_aNew York : _bFrederick A. Praeger., _cc1965 [ Reprint 1968] |
||
| 300 |
_aix, 477 p. ; _c21 cm. |
||
| 651 | 0 |
_aUnited States _xMilitary policy. _9125598 |
|
| 651 | 0 |
_aUnited States _xDefenses. _9129764 |
|
| 700 |
_aKissinger, Henry A. _9129937 |
||
| 942 |
_2ddc _cBK |
||
| 999 |
_c46263 _d46263 |
||